000 00736 a2200241 4500
005 20260309153757.0
008 260309b |||||||| |||| 00| 0 eng d
020 _a978-041585-313-2
037 _cTB
040 _aCRL
_cCRL
041 _2eng
_aeng
084 _aU8.41 P9
_qCRL
245 _aTourism in China:
_bdestination, cultures and communities
260 _aNew York, USA:
_bRoutledge
_c2009
300 _axv,399p.
365 _b50.99
_cGBP
650 _aTravel
650 _ageography
700 _aRyan, Chris
_eEditor,
_91131405
700 _aHuimin, Gu
_eEditor,
_91131406
942 _cTB
_2CC
_hU8.41 P9
999 _c1678495
_d1678495